El Jeneral [sic] Don Frai José Félix Aldao o sea El Fraile Aldao / (Record no. 167201)

MARC details
000 -LEADER
campo de control de longitud fija 00809nam a22001935i 4500
001 - NÚMERO DE CONTROL
campo de control 167201
003 - IDENTIFICADOR DE NÚMERO DE CONTROL
campo de control ES-MaACL
005 - FECHA Y HORA DE LA ÚLTIMA TRANSACCIÓN
campo de control 20230906213457.0
008 - DATOS DE LONGITUD FIJA--INFORMACIÓN GENERAL
campo de control de longitud fija 050921s1882 cl ac | |||||||| ||spa d
040 ## - FUENTE DE CATALOGACIÓN
Centro catalogador/agencia de origen CAM
Lengua de catalogación spa
Centro/agencia transcriptor CAM
100 1# - ENTRADA PRINCIPAL--NOMBRE DE PERSONA
Nombre de persona Vera, Robustiano.
9 (RLIN) 113952
245 13 - MENCIÓN DEL TÍTULO
Título El Jeneral [sic] Don Frai José Félix Aldao o sea El Fraile Aldao /
Mención de responsabilidad, etc. por Robustiano Vera.
260 ## - PUBLICACIÓN, DISTRIBUCIÓN, ETC.
Lugar de publicación, distribución, etc. Santiago de Chile :
Nombre del editor, distribuidor, etc. [s.n.],
Fecha de publicación, distribución, etc. 1882 (
Fabricante Imprenta de La República, de J. Núñez)
300 ## - DESCRIPCIÓN FÍSICA
Extensión XXX, 155 p., [1] h. de lám. ;
Dimensiones 16 cm.
599 ## - NOTA A LAS ILUSTRACIONES
NOTA A LAS ILUSTRACIONES La h. de lám. lit.: "Lit. Cadot", retrato del biografiado.
600 14 - PUNTO DE ACCESO ADICIONAL DE MATERIA--NOMBRE DE PERSONA
Nombre de persona Aldao, José Félix-
Subdivisión general Biografías.
9 (RLIN) 125595
651 #4 - PUNTO DE ACCESO ADICIONAL DE MATERIA--NOMBRE GEOGRÁFICO
Nombre geográfico Argentina-
Subdivisión general Historia-
Subdivisión cronológica S.XIX.
9 (RLIN) 7811
852 ## - LOCALIZACIÓN
Ubicación ES-MaACL
Número de control de estantería T-482-F-1
Nota libre -- Enc. hol., falto de la cub. original
-- -- Enc. en un vol. facticio
Holdings
Estatus retirado Estado de pérdida Estado de daño No para préstamo Colección Biblioteca de origen Biblioteca actual Ubicación en estantería Fecha de adquisición Total de préstamos Signatura topográfica completa Código de barras Visto por última vez Precio de reemplazo Tipo de ítem Koha
        Colección de folletos Biblioteca del Ateneo de Madrid Biblioteca del Ateneo de Madrid Depósito folletos 17/01/2008   T-482-F-1 1175394 23/02/2023 23/02/2023 Folleto